000 00523nam a2200181Ia 4500
001 3884
005 20260306145716.0
008 260306t2014||||xx |||||||||||||| ||spa||
041 _aESP
082 _a305.23585
_bC265
100 _aConsejo Nacional de Política Criminal
_eAUT
245 0 _aPlan nacional de prevención y tratamiento del adolescente en conflicto con la ley penal PNAPTA 2013-2018
260 _c2014
300 _a203 páginas :
_c24 cm.
650 _aGEN
654 _aCHU
942 _cLIB
_dJUS
_fJUS
_2ddc
_n
999 _c3884
_d3884